000 00611nam a2200205Ia 4500
005 20250508165934.0
008 008 250505s9999 xx 000 0 eng d
037 _aTextual
040 _aFEDL
_beng
_cFEDL
041 _aeng
_2eng
084 _a823, COE
_qFEDL
100 _aCoelho Paulo
245 0 _aVeronika decides to die
260 _aNew Delhi, India
_bHarper Collins Publishers India Pvt. Ltd.
_c1999
300 _a191p.
365 _aINR
_b95
546 _aGifted by H.O.D. Namita Ranganathan in memory of Prof. Arvind Gaysu
942 _cTEXL
_h823, COE
999 _c1398305
_d1398305